Na vlnách lásky /

Hlavní autor: Caldwell, Christi
Další autoři: Musiol, Pavel, 1976-
Jazyk: Čeština
Vydáno: Praha : Ikar, 2025
Vydání: Vydání první
Témata:
Fyzický popis: 334 stran ; 20 cm
Knihy
Uloženo v:
LEADER 01475nam a2200457 i 4500
001 nkc20243631835
003 CZ PrNK
005 20250409083647.0
007 ta
008 250313s2025 xr g 000 f cze
015 |a cnb003631835 
020 |a 978-80-249-5592-6  |q (brožováno) 
035 |a (OCoLC)1519101868 
040 |a ABG001  |b cze  |e rda 
041 1 |a cze  |h eng 
072 7 |a 821.111(73)-3  |x Americká próza  |2 Konspekt  |9 25 
080 |a 821.111(73)-31  |2 MRF 
080 |a (0:82-312.5)  |2 MRF 
100 1 |a Caldwell, Christi  |7 xx0226818  |4 aut 
240 1 0 |a Heiress at sea.  |l Česky 
245 1 0 |a Na vlnách lásky /  |c Christi Caldwellová ; přeložil Pavel Musiol 
250 |a Vydání první 
264 1 |a Praha :  |b Ikar,  |c 2025 
300 |a 334 stran ;  |c 20 cm 
336 |a text  |b txt  |2 rdacontent 
337 |a bez média  |b n  |2 rdamedia 
338 |a svazek  |b nc  |2 rdacarrier 
500 |a Přeloženo z angličtiny 
655 7 |a americké romány  |7 fd131796  |2 czenas 
655 7 |a milostné romány  |7 fd132840  |2 czenas 
655 9 |a American fiction  |2 eczenas 
655 9 |a love novels  |2 eczenas 
700 1 |a Musiol, Pavel,  |d 1976-  |7 mzk2006323026  |4 trl 
787 0 8 |i Z cyklu:  |t McQuidovi  |g 2 
910 2 |a BOA001  |b 1-1541.407 
920 |a 5081995  |z ABG001 
928 9 |a Euromedia Group - Ikar 
990 |a BK 
995 |a 01 
991 |b 202503  |c NOV 
996 6 |b 2610998638  |c 1-1541.407  |l MZK  |r Sklad / do 1 hodiny  |n 0  |p p.v.  |w 001999311  |u 000010  |a 1  |e BOA001  |j MZK50  |s P